Normal view
MARC view
- Siddig M. N
Entry Personal Name
001 - CONTROL NUMBER
- control field: 3645
003 - CONTROL NUMBER IDENTIFIER
- control field: OSt
005 - DATE AND TIME OF LATEST TRANSACTION
- control field: 20170623103237.0
008 - FIXED-LENGTH DATA ELEMENTS
- fixed length control field: 170623|| aca||aabn | a|a d
040 ## - CATALOGING SOURCE
- Original cataloging agency: OSt
100 ## - HEADING--PERSONAL NAME
- Personal name: Siddig M. N